Music Quiz

Random Music or Album Quiz

Genesis Albums Quiz Stats

 Plays Quiz Updated Mar 2, 2020

     
Support Sporcle.
Go Orange.
Score 0/15 Timer 05:00
4 Plays Today
Year Album % Correct
1983Genesis
81.5%
1974The Lamb Lies Down on Broadway
76.4%
1981Abacab
74.3%
1978…And Then There Were Three…
68.9%
1986Invisible Touch
68.9%
1973Selling England by the Pound
68.6%
1980Duke
68.5%
1972Foxtrot
68.5%
Year Album % Correct
1976A Trick of the Tail
63.6%
1991We Can't Dance
60.1%
1976Wind & Wuthering
57.4%
1971Nursery Cryme
57.3%
1970Trespass
52.6%
1969From Genesis to Revelation
51.7%
1997Calling All Stations
47.2%

From the Vault

'A'-Less Countries (A-Z)

by A5l9

Finding an A-less country that starts with 'A' is going to be kind of difficult.
Remove Ads.
Support Sporcle.
Get the best of Sporcle when you Go Orange. This ad-free experience offers more features, more stats, and more fun while also helping to support Sporcle. Thank you for becoming a member.

Show Comments

Extras

Top Quizzes Today


Score Distribution

Your Account Isn't Verified!

In order to create a playlist on Sporcle, you need to verify the email address you used during registration. Go to your Sporcle Settings to finish the process.

Report this User

Report this user for behavior that violates our Community Guidelines.

Details: